00917nam a22002177a 4500999001700000003000900017008004100026040007100067082001800138100002300156245008200179260004900261300002800310505013700338650002000475650002300495700004700518942001600565945002000581952009800601 c19186d19186AR-CdUCM190516b ||||| |||| 00| 0 spa d aMUNICIPALIDAD PROVINCIAL DEL CUSCOcBIBLIOTECA MUNICIPAL DEL CUSCO a330.19 /bL29 aLauterbach, Albert aFronteras psicológicas de la economía :bhombre, motivaciones y dinero /  aBuenos Aires :bBibliografía Omeba,c1953. a284 páginas ;c24 cm. aContenido: La motivación en la actividad mercantil -- Como se negocia -- Inestabilidad socioeconómica e inseguridad personal ... aEconomía9382 aPsicología91538 aGore de Lerner, Alicia (traductora)940376 2ddccLIBROS aacvd2019-05-16 002ddc4070aSHbSHcCARTd2019-05-16g30.00o330.19 / L29pSH0000014225r2019-05-16yLIBROS